| 000 | 00357nam a2200145Ia 4500 | ||
|---|---|---|---|
| 005 | 20251222143139.0 | ||
| 008 | 251222s9999||||xx |||||||||||||| ||spa|| | ||
| 020 | _a978-84-7903-944-8 | ||
| 082 | _a613.718/M12 | ||
| 100 | _aMcAtee, Robert E. | ||
| 245 | 0 | _aEstiramientos Facilitados: | |
| 250 | _a3a.ed. | ||
| 264 | _bMédica Panamericana | ||
| 942 | _cLIB | ||
| 999 |
_c12215 _d12215 |
||